Nghiên cứu khẩu phần ăn và tình trạng dinh dưỡng của trẻ dưới 5 tuổi tại một quần thể dân cư sống trên thuyền ở phường Phú Bình, thành phố Huế /

Bewaard in:
Bibliografische gegevens
Hoofdauteur: Bùi Thị Tá Tâm.
Andere auteurs: Huỳnh Đình Chiến.
Formaat: Artikel
Taal:Vietnamese
Onderwerpen:
Tags: Voeg label toe
Geen labels, Wees de eerste die dit record labelt!
Thư viện lưu trữ: Thư viện Trường Đại học Đà Lạt
LEADER 00999nam a2200277 4500
001 DLU130145376
005 ##20130110
040 # # |a DLU  |b vie 
041 # # |a vie 
044 # # |a vn 
100 # # |a Bùi Thị Tá Tâm. 
245 # # |a Nghiên cứu khẩu phần ăn và tình trạng dinh dưỡng của trẻ dưới 5 tuổi tại một quần thể dân cư sống trên thuyền ở phường Phú Bình, thành phố Huế /  |c Bùi Thị Tá Tâm, Huỳnh Đình Chiến. 
653 # # |a Cộng đồng 
653 # # |a Chăm sóc sức khỏe 
653 # # |a Dinh dưỡng 
700 # # |a Huỳnh Đình Chiến. 
773 # # |t Tạp chí Khoa học Chuyên san Y khoa (Đại học Huế)   |g Số 18, 2003, tr. 67-79 
920 # # |a Phòng Tạp chí -- Trung tâm Thông tin - Thư viện Trường Đại học Đà Lạt 
994 # # |a DLU 
900 # # |a True 
911 # # |a Nguyễn Thị Linh Chi 
925 # # |a G 
926 # # |a A 
927 # # |a BB 
980 # # |a Thư viện Trường Đại học Đà Lạt